000 00798nam a2200337Ia 4500
001 3476
003 6995
005 20250115062554.0
008 ||||||n9999 ||| || ||
020 _a9682303508
041 _aspa
082 _219
_a330101
100 _aBriones, Alvaro
_96485
245 0 _aEconomía y política del fascismo dependiente
260 _aMéxico :
_bSiglo Veintiuno Editores,
_c1978.
300 _a326p
490 _aEconomía y demografía
562 _e1
650 0 _aAMÉRICA LATINA
_922
650 0 _aCiencias económicas
_94086
650 0 _aPolítica económica
_9154
942 _cBKM
942 _cBKM
999 _c3476
_d3476
526 _a116204
526 _a4969
526 _a19790
526 _a104436
526 _a5144
526 _a51868
526 _a1697